Estática aplicada al cálculo de estructuras y al hormigón armado
Uloženo v:
| Hlavní autor: | |
|---|---|
| Další autoři: | , |
| Médium: | Kniha |
| Jazyk: | Spanish |
| Vydáno: |
Barcelona : Editorial Labor, S.A.
1932
|
| Tagy: |
Přidat tag
Žádné tagy, Buďte první, kdo vytvoří štítek k tomuto záznamu!
|
MARC
| LEADER | 00000nam a2200000Ia 4500 | ||
|---|---|---|---|
| 003 | 002415 | ||
| 005 | 20221231143939.0 | ||
| 008 | 140114s1932 sp a 000 ||spa d | ||
| 040 | |c cru CEDI | ||
| 082 | |a 624.171.2 S165e | ||
| 100 | |a Saliger, Rudolf |9 21503 | ||
| 245 | |a Estática aplicada al cálculo de estructuras y al hormigón armado | ||
| 260 | |a Barcelona : Editorial Labor, S.A. |c 1932 | ||
| 300 | |a xvi, 1041 páginas : ilustraciones | ||
| 500 | |a versión española de la segunda edición alemana y apéndices originales de Joaquín Gay; Kurt Fizia | ||
| 654 | |x ESTATICA GRAFICA |x ANALISIS ESTRUCTURAL (INGENIERIA) |x CONSTRUCCIONES DE HORMIGON | ||
| 700 | |9 21505 |a Kurt, Fizia |d Traductor/a | ||
| 700 | |a Gay, Joaquín |9 21506 |d Traductor/a | ||
| 942 | |2 ddc |c BK | ||
| 999 | |c 14636 |d 14636 | ||
